Mots de la langue française terminés par "casse" - Statistiques

Statistiques générales
  • Ce quiz a été pris 167 fois
  • Le résultat moyen est 5 sur 9
Statistiques - réponses
Indice Mot % Correct
cambriolage (familier) casse
97%
oiseau bécasse
89%
ossature carcasse
82%
burlesque cocasse
78%
poisson rascasse
61%
grosse barque barcasse
41%
kermesse ducasse
28%
charpente arrière d'un navire en bois arcasse
6%
grosse grive jocasse
2%
Aucun quiz correspondant
Distribution des résultats
% des personnes avec chaque résultat
Percentile par nombre de réponses
Votre historique - résultats
Vous n’avez pas pris ce quiz